000
00199 a2200097 4500
001
4501
100
_a
Cotton,H
245
_a
Applied electricity
260
_a
_b
Cleaver-Hume
_c
090
_c
3699
_d
3699
942
_a
NUST-CAE
_c
M
_c
29932
999
_c
239574
_d
239574